Най-големите държави А-Я - Statistics

General Stats
  • This quiz has been taken 47 times
  • The average score is 19 of 26
Answer Stats
Буква Площ (km²) Държава % Correct
Р 17 098 246 Русия
95%
А 7 692 024 Австралия
92%
К 9 984 670 Канада
89%
Б 8 515 767 Бразилия
86%
И 3 287 263 Индия
86%
Я 377 976 Япония
86%
Г 357 600 Германия
81%
С 9 833 517 Съединени АмериканскиЩати
81%
Л 1 759 541 Либия
78%
О 309 500 Оман
78%
Ф 643 801 Франция
78%
Е 1 112 000 Етиопия
76%
Й 527 968 Йемен
76%
З 752 617 Замбия
73%
Ч 1 284 000 Чад
73%
В 916 445 Венецуела
68%
Ш 447 425 Швеция
68%
Д 2 345 409 Демократична републикаКонго
68%
У 603 628 Украйна
65%
Ц 622 984 Централноафриканскарепублика
65%
М 1 972 550 Мексико
62%
Н 1 267 000 Нигер
62%
П 1 285 216 Перу
62%
Х 112 492 Хондурас
59%
Ю 1 221 037 Южна Африка
59%
Т 947 303 Танзания
54%
No matching quizzes found
Score Distribution
Percent of People with Each Score
Percentile by Number Answered
Your Score History
You have not taken this quiz